000 00818nam a2200241 a 4500
001 BRCA_4426
005 20190320204652.0
008 200810s1966----mx-a######---#000-0#spa-#
041 _aspa
044 _amx
050 4 _aN8
_b.A53 4
_c1966
245 1 0 _aAnales del Instituto de Investigaciones Estéticas
_cdirector Justino Fernández.
260 _aMéxico
_bUNAM, Instituto de Investigaciones Estéticas
_c1966
300 _a123 p.
_bil.
_c23 cm.
440 0 _aAnales del Instituto de Investigaciones Estéticas
_v35, vol. IX
_911237
500 _aIncluye sumario e informaciones y notas bibliográficas
500 _aVer también AM31, CFG37, CFG58, CFG60, CFG61 y H30
500 _aCFG59
650 1 4 _aArte colonial
_zMéxico
_911238
700 1 _aFernández, Justino
_9906
902 _aGFM
942 _2lcc
_cB
999 _c4135
_d4135